000 00795nam a2200241Ia 4500
003 GCL
008 140319s9999 xx 000 0 ara d
040 _aGCL /
_cGCL
082 0 4 _a819
_bا ا
100 1 _aعبدالسلام محمد هارون
245 1 0 _aالبيان والتبيين /
_cعبدالسلام محمد هارون
700 1 _aالجاحظ : ابوعثمان عمرو بن بحر محبوب
260 _a[S.N] :
_bدار الجيل
300 _a4 مج
490 _a
650 0 4 _aالادب العربى
650 0 4 _aالنثر العربى
650 0 4 _aالرسائل العربية
650 0 4 _aالبلاغة العربية
650 0 4 _aالمجموعات الادبية
650 0 4 _aالادب العربى - تاريخ ونقد
942 _2ddc
_cBK
999 _c50468
_d50468